[Event "Bayernliga 1213 U20"]
[Site "Bayern"]
[Date "2013.01.19"]
[Round "4.5"]
[White "Tong, Kevin"]
[Black "Henning, Anton"]
[Result "1-0"]
[WhiteElo "1818"]
[BlackElo "1205"]
[PlyCount "121"]
[EventDate "2012.10.20"]
[EventType "team-tourn"]
[EventRounds "7"]
[EventCountry "GER"]
[SourceTitle "EXT 2020"]
[Source "ChessBase"]
[SourceDate "2019.10.17"]
[SourceVersion "1"]
[SourceVersionDate "2019.10.17"]
[SourceQuality "1"]
[WhiteTeam "Erlangen SC U20"]
[BlackTeam "Kareth Lappersdorf U20"]
[WhiteTeamCountry "GER"]
[BlackTeamCountry "GER"]

1. e4 e5 2. Nf3 Nf6 3. Nc3 Nc6 4. Bc4 Nxe4 5. 0-0 Nxc3 6. dxc3 Be7 7. Qd5 0-0 8. Nxe5 Nxe5 9. Qxe5 Bf6 10. Qg3 d6 11. Re1 Bf5 12. Bd3 Bg6 13. Bf4 Re8 14. Rad1 Qd7 15. Bxg6 fxg6 16. Qd3 Qc6 17. h3 Rxe1+ 18. Rxe1 Kf8 19. Bg3 Qb6 20. b4 Qc6 21. Re3 Qa4 22. Qd5 Qc6 23. Qxc6 bxc6 24. Kf1 Re8 25. Rxe8+ Kxe8 26. c4 a6 27. a4 Kd7 28. Ke2 Bc3 29. b5 a5 30. Kd3 Bb4 31. Bf4 cxb5 32. cxb5 Ke6 33. c4 Bc5 34. Be3 Bxe3 35. Kxe3 d5 36. c5 g5 37. Kd4 g6 38. b6 cxb6 39. cxb6 Kd6 40. b7 Kc7 41. Kxd5 Kxb7 42. Kc5 Ka6 43. g4 h6 44. Kc6 h5 45. Kc5 h4 46. Kc6 Ka7 47. Kb5 Kb7 48. Kxa5 Ka7 49. Kb5 Kb7 50. a5 Ka7 51. a6 Kb8 52. Kc6 Ka7 53. Kd6 Kxa6 54. Ke6 Kb5 55. Kf6 Kc5 56. Kxg6 Kd5 57. Kxg5 Ke4 58. f4 Kf3 59. Kxh4 Kxf4 60. g5 Kf5 61. Kh5 1-0